Нормален изглед
MARC изглед
- Йосифов, Александър Йосифов
Вход 01. Лично име
001 - Контролен номер на записа
- Контролно поле: 402920
003 - Код на организацията, даваща контролен номер
- Контролно поле: BLK
005 - Дата и час на последна промяна на записа
- Контролно поле: 20230802094930.0
008 - Данни с фиксирана дължина – обща информация
- Данни с фиксирана дължина : 200330|| aca||aabn | a|a d
100 ## - ИМЕ НА ЛИЦЕ -ПЪРВИЧНА ИНТЕЛЕКТУАЛНА ОТГОВОРНОСТ
- Лично име: Йосифов, Александър Йосифов
- Дати, свързани с автора: 1940-2016
942 ## - Системна служебна употреба
- Koha auth type: PERSO_NAME